000 00389nam a2200181Ia 4500
003 0STCL
008 150530s9999 xx 000 0 und d
040 _aSTCL
_cSTCL
100 _aN.K.M
245 _aKooriruttu
250 _a1
260 _bKerala Book House ; Cranganore
_c0
300 _a0
546 _aMalayalam
942 _2ddc
_cBK
999 _c48400
_d48400
005 20220125170742.0